Tomb painting amd identity in ancient Thebes, 1419-1373 BCE

Saved in:
Bibliographic Details
Main Author: Hartwig, Melinda K.
Format: Book
Language:English
Published: Belgium : Fondation egyptologique reine Elisabeth; Brepols, [2004]
Series:Monumenta Aegyptiaca ; ; 10 ; 2
Subjects:
Tags: Add Tag
No Tags, Be the first to tag this record!

MARC

LEADER 00000nam a2200000 i 4500
001 1/54786
008 070913s2004 eng d
020 |a 2-503-51315-8 
035 |l 10090674 
040 |a GR-MY-UA  |b gre  |e aacr 
041 0 |a eng 
082 0 |a 759.932  |2 (22) 
100 1 |a Hartwig, Melinda K. 
245 1 0 |a Tomb painting amd identity in ancient Thebes, 1419-1373 BCE /  |c by Melinda K. Hartwig 
260 |a Belgium :   |b Fondation egyptologique reine Elisabeth; Brepols,   |c [2004] 
300 |a xi, 275 σ.;  |b σχ., έγχρ. εικ., πίν.;  |c 28 εκ. 
490 1 |a Monumenta aegyptiaca  |v ; X  |v ; 2 
504 |a Βιβλιογραφία: σ. [143]-188. Ευρετήριο 
650 0 0 |a Mural painting and decoration, Egyptian  |z Egypt  |z Thebes (Extinct city) 
650 0 0 |a Mural painting and decoration, Ancient  |z Egypt  |z Thebes (Extinct city) 
650 0 0 |a Tombs  |x Decoration  |z Egypt  |z Thebes (Extinct city) 
650 0 0 |a Symbolism in art  |z Egypt  |z Thebes (Extinct city) 
830 0 |a Monumenta Aegyptiaca ;  |v ; 10  |v ; 2 
852 |a INST  |b RHODES  |e 20070913  |h 759.932 HAR  |p 005400025746  |q 005400025746  |t BK  |y 0 
901 |a BIBL4-2007-3 
909 |a Ρ  |b 138967 
922 |a 4ΕΛΗ  |b 200708  |c ΕΠΕΑΕΚ2/ΤΜΣ  |d ΕΛΕΥΘΕΡΟΥΔΑΚΗΣ 
970 |a ΧΑΡΙΟΠΟΛΙΤΟΥ  |b ΚΩΝΣΤΑΝΤΙΝΑ  |z 2007/09/13